|
|
|
|
| LEADER |
00000cam a2200000 7i4500 |
| 001 |
0000032885 |
| 005 |
20151222.0 |
| 008 |
120702 |
| 020 |
|
|
|a 9832571634 (Set)
|
| 020 |
|
|
|a 9833074154
|
| 090 |
0 |
0 |
|a JF
|b SC ENG
|
| 100 |
0 |
|
|a Lanka Devi Sinniah
|
| 245 |
1 |
0 |
|a Why shadows :
|b the one that follows
|c Lanka Devi Sinniah
|
| 260 |
|
|
|a Selangor :
|b Ilmiah Pub ,
|c 2004
|
| 440 |
|
|
|a Science and me series
|
| 500 |
|
|
|a Children ages 7-9 years old (orange)
|
| 650 |
|
0 |
|a English fiction
|
| 650 |
|
0 |
|a Science fiction
|x English
|x Languages
|
| 999 |
|
|
|a 0000877015
|b Book
|c Children Collection
|e Cawangan Bandar Penawar
|
| 999 |
|
|
|a 0000877016
|b Book
|c Children Collection
|e Cawangan Tmn. Ungku Tun Aminah
|
| 999 |
|
|
|a 0000877019
|b Book
|c Children Collection
|e Cawangan Segamat
|
| 999 |
|
|
|a 0000877022
|b Book
|c Children Collection
|e Cawangan Pontian
|
| 999 |
|
|
|a 0001128530
|b Book
|c Children Collection
|e Cawangan Tangkak
|
| 999 |
|
|
|a 0001128535
|b Book
|c Children Collection
|e Cawangan Batu Pahat
|
| 999 |
|
|
|a 0001128537
|b Book
|c Children Collection
|e Cawangan Bandar Penawar
|
| 999 |
|
|
|a 0001128539
|b Book
|c Children Collection
|e Cawangan Segamat
|
| 999 |
|
|
|a 0001138466
|b Book
|c Children Collection
|e Perbadanan Perpustakaan Awam Johor
|
| 999 |
|
|
|a 0001138469
|b Book
|c Children Collection
|e Perbadanan Perpustakaan Awam Johor
|
| 999 |
|
|
|a 0001138470
|b Book
|c Children Collection
|e Cawangan Pontian
|
| 999 |
|
|
|a 000877018
|b Book
|c Children Collection
|e Cawangan Batu Pahat
|